South Eastern Kenya University

Library Online Public Access Catalogue


Instant wind forecasting / (Record no. 2518)

MARC details
000 -LEADER
fixed length control field 00400nam a22001577a 4500
020 ## - ISBN
International Standard Book Number 9780713668698
050 00 - LIBRARY OF CONGRESS CALL NUMBER
Classification Number QC931
Item Number .W38 2005
100 1# - MAIN ENTRY--Author
Personal name Watts, Alan,
245 10 - TITLE
Title Instant wind forecasting /
Statement of responsibility, etc Alan Watts.
250 ## - EDITIONSTATEMENT
Edition statement 2nd ed.
260 ## - PUBLICATION, DISTRIBUTION, ETC.(IMPRINT)
Place of publication, distribution, etc London:
Name of publisher, distributor, etc Adlard Coles Nautical,
Date of publication, distribution, etc 2005.
300 ## - PHYSICAL DESCRIPTION
Extent 112 p. :
500 ## - GENERALNOTE
General note Includes table of contents.
650 #0 - SUBJECT--TOPIC
Form subdivision 1. Forecasting
942 ## - ADDED ENTRY ELEMENTS(KOHA)
Koha item type General circulation
Holdings
Source of classification or shelving scheme Not for loan Location (home branch) Sublocation (holding branch) Date accessioned Cost, normal purchase price Full call number Barcode Cost, replacement price Koha item type Public note
Library of Congress Classification   Main Campus Library Main Campus Library 01/09/2014 1614.00 QC931 .W38 2005 2015/008862 1814.00 General circulation CM
Kitui, Kenya.
+254736116989
library@seku.ac.ke